वयं रक्षाम: / (Record no. 184971)
[ view plain ]
| 000 -LEADER | |
|---|---|
| fixed length control field | 00978nam a22002057a 4500 |
| 005 - DATE AND TIME OF LATEST TRANSACTION | |
| control field | 20220623114618.0 |
| 010 ## - LCCN (DPL NO) | |
| LC control number | B-742375-378 HIN-21-22 |
| 020 ## - INTERNATIONAL STANDARD BOOK NUMBER | |
| International Standard Book Number | 9788194864943 |
| Terms of availability | 399.00 |
| 035 ## - SYSTEM CONTROL NUMBER | |
| System control number | B-742375-378 |
| 037 ## - SOURCE OF ACQUISITION | |
| Source of stock number/acquisition | Empty Canvas Publishers |
| 037 ## - SOURCE OF ACQUISITION | |
| Source of stock number/acquisition | आकार बुक्स |
| 082 ## - DEWEY DECIMAL CLASSIFICATION NUMBER | |
| Classification number | उ |
| 100 ## - MAIN ENTRY--PERSONAL NAME | |
| Personal name | चतुरसेन आचार्य |
| 245 ## - TITLE STATEMENT | |
| Title | वयं रक्षाम: / |
| Statement of responsibility, etc | आचार्य चतुरसेन |
| 260 ## - PUBLICATION, DISTRIBUTION, ETC. (IMPRINT) | |
| Place of publication, distribution, etc | New Delhi |
| Name of publisher, distributor, etc | Empty Canvas Publishers |
| Date of publication, distribution, etc | 2021 |
| 270 ## - ADDRESS | |
| Address | 4435-36/7, First Floor, Ansari Road, Daryaganj |
| City | New Delhi |
| Postal code | 110002 |
| 300 ## - PHYSICAL DESCRIPTION | |
| Extent | 429पृ. |
| Dimensions | 22सेमी(अजिल्द) |
| 942 ## - ADDED ENTRY ELEMENTS (KOHA) | |
| Source of classification or shelving scheme | Dewey Decimal Classification |
| Item type | Hindi Books |
| Call number suffix | चतुर |
| Classification part | उ |
| Withdrawn status | Lost status | Not for loan | Collection code | Home library | Current library | Date acquired | Source of acquisition | Cost, normal purchase price | Full call number | Barcode | Copy number | Cost, replacement price | Koha item type |
|---|---|---|---|---|---|---|---|---|---|---|---|---|---|
| Fiction | Central Library | Central Library | 23/06/2022 | आकार बुक्स/I-3491/28.2.22/107/23.2.22/10.3.22 | 399.00 | उ चतुर | B-742375 | 1 | 399.00 | Hindi Books | |||
| Fiction | Mobile Library | Mobile Library | 23/06/2022 | आकार बुक्स/I-3491/28.2.22/107/23.2.22/10.3.22 | 399.00 | उ चतुर | B-742376 | 1 | 399.00 | Hindi Books | |||
| Fiction | Patel Nagar | Patel Nagar | 23/06/2022 | आकार बुक्स/I-3491/28.2.22/107/23.2.22/10.3.22 | 399.00 | उ चतुर | B-742377 | 1 | 399.00 | Hindi Books | |||
| Fiction | Sarojini Nagar | Sarojini Nagar | 23/06/2022 | आकार बुक्स/I-3491/28.2.22/107/23.2.22/10.3.22 | 399.00 | उ चतुर | B-742378 | 1 | 399.00 | Hindi Books |
